|
|
|
|
| LEADER |
01277nam a2200325 a 4500 |
| 001 |
17616 |
| 003 |
BD-DhAAL |
| 005 |
20140506102634.0 |
| 008 |
140505r19881987nyua b 000 0 eng d |
| 010 |
|
|
|a 87037676
|
| 020 |
|
|
|a 0416016510 (hb)
|
| 020 |
|
|
|a 0415900026 (pbk.) :
|
| 040 |
|
|
|a DLC
|c DLC
|d DLC
|d BD-DhAAL
|
| 050 |
0 |
0 |
|a HM101
|b .S773 1988
|
| 082 |
0 |
0 |
|a 306
|2 19
|
| 100 |
1 |
|
|a Spivak, Gayatri Chakravorty.
|9 4380
|
| 245 |
1 |
0 |
|a In other worlds :
|b essays in cultural politics /
|c Gayatri Chakravorty Spivak.
|
| 260 |
|
|
|a New York :
|b Routledge,
|c 1988.
|
| 300 |
|
|
|a xix, 309 p. :
|b ill. ;
|c 23 cm.
|
| 500 |
|
|
|a Originally published: New York : Methuen, 1987.
|
| 504 |
|
|
|a Includes bibliographical references (p. [269]-309).
|
| 541 |
|
|
|e 17616
|
| 650 |
|
0 |
|a Culture.
|9 4381
|
| 650 |
|
0 |
|a Feminism and literature.
|9 4382
|
| 650 |
|
0 |
|a Women and literature.
|9 4383
|
| 650 |
|
0 |
|a Feminist criticism.
|9 4384
|
| 856 |
4 |
2 |
|3 Publisher description
|u http://www.loc.gov/catdir/enhancements/fy0702/87037676-d.html
|
| 942 |
|
|
|2 ddc
|c BK
|
| 999 |
|
|
|c 14317
|d 14317
|
| 952 |
|
|
|0 0
|1 0
|2 ddc
|4 0
|6 306_000000000000000_SPI
|7 0
|9 24275
|a BRACUL
|b BRACUL
|c GEN
|d 2014-05-06
|l 1
|m 1
|o 306 SPI
|p 3010017616
|r 2026-05-20
|s 2026-05-10
|t 1
|w 2014-05-06
|y BK
|x Transferred from ENH to Ayesha Abed library on 20/12/2023
|